| Tag |
First Indicator |
Second Indicator |
Subfields |
| LEADER |
00000cam a2200000 a 4500 |
| 001 |
in00000018414 |
| 005 |
20151007053232.0 |
| 008 |
870826s1988 mau b 00100 eng |
| 010 |
|
|
|a 87025137
|
| 020 |
|
|
|a 0816188378 (alk. paper)
|
| 035 |
|
|
|a (OCoLC)16683524
|
| 035 |
|
|
|9 AAB0905AM
|
| 040 |
|
|
|a DLC
|c DLC
|d TXA
|d UtOrBLW
|
| 049 |
|
|
|a TXAM
|c [A11084373]
|
| 050 |
0 |
0 |
|a PT2625.A44
|b Z5442 1988
|
| 082 |
0 |
|
|a 833/.912
|2 19
|
| 245 |
0 |
0 |
|a Critical essays on Thomas Mann /
|c [compiled by] Inta M. Ezergailis.
|
| 264 |
|
1 |
|a Boston, Mass. :
|b G.K. Hall,
|c [1988]
|
| 264 |
|
4 |
|c ©1988
|
| 300 |
|
|
|a vi, 270 pages ;
|c 25 cm.
|
| 336 |
|
|
|a text
|b txt
|2 rdacontent
|
| 337 |
|
|
|a unmediated
|b n
|2 rdamedia
|
| 338 |
|
|
|a volume
|b nc
|2 rdacarrier
|
| 490 |
1 |
|
|a Critical essays on world literature
|
| 504 |
|
|
|a Includes bibliographies and index.
|
| 600 |
1 |
0 |
|a Mann, Thomas,
|d 1875-1955
|x Criticism and interpretation.
|
| 700 |
1 |
|
|a Ezergailis, Inta,
|d 1932-
|
| 830 |
|
0 |
|a Critical essays on world literature.
|
| 999 |
|
|
|a MARS
|
| 999 |
f |
f |
|s 2a270feb-a19b-3b83-9a1e-b525b1811765
|i 7f7f9403-8295-35de-844d-9bbf677d1598
|t 0
|
| 952 |
f |
f |
|p normal
|a Texas A&M University
|b College Station
|c Sterling C. Evans Library
|d Evans: Library Stacks
|t 0
|e PT2625.A44 Z5442 1988
|h Library of Congress classification
|i unmediated -- volume
|m A14811084373
|
| 998 |
f |
f |
|a PT2625.A44 Z5442 1988
|t 0
|l Evans: Library Stacks
|